[Event "Haarlem BDO-B"]
[Site "Haarlem"]
[Date "2006.08.??"]
[Round "8"]
[White "Op den Kelder, Joram"]
[Black "In't Veld, Daan"]
[Result "1-0"]
[WhiteElo "2217"]
[BlackElo "2176"]
[PlyCount "71"]
[EventDate "2006.08.26"]
[EventType "tourn"]
[EventRounds "9"]
[EventCountry "NED"]
[SourceTitle "EXT 2015"]
[Source "ChessBase"]
[SourceDate "2014.11.20"]
[SourceVersion "1"]
[SourceVersionDate "2014.11.20"]
[SourceQuality "1"]

1. e4 e5 2. Nf3 Nc6 3. Bb5 a6 4. Ba4 Nf6 5. 0-0 Be7 6. Re1 b5 7. Bb3 0-0 8. h3 Bb7 9. d3 d6 10. a3 Na5 11. Ba2 c5 12. Nc3 Ra7 13. b4 cxb4 14. Be3 Ra8 15. axb4 Nc6 16. Nd5 Nxd5 17. Bxd5 Qc7 18. c3 a5 19. Qd2 Ra6 20. d4 Rc8 21. Rec1 Nd8 22. c4 exd4 23. cxb5 Qb6 24. Nxd4 Rxc1+ 25. Rxc1 Ra8 26. Nf5 Qxb5 27. Nxe7+ Kf8 28. Bxb7 Qxb7 29. Nd5 a4 30. Bd4 a3 31. Rc7 Qa6 32. Bxg7+ Kxg7 33. Qg5+ Kh8 34. Qf6+ Kg8 35. Ne7+ Kf8 36. Qh8# 1-0

[Event "Staufer op 18th"]
[Site "Schwaebisch Gmuend"]
[Date "2006.01.04"]
[Round "6"]
[White "Jurek, Josef"]
[Black "Op den Kelder, Joram"]
[Result "1/2-1/2"]
[WhiteElo "2384"]
[BlackElo "2184"]
[PlyCount "88"]
[EventDate "2006.01.02"]
[EventType "swiss"]
[EventRounds "9"]
[EventCountry "GER"]
[SourceTitle "EXT 2007"]
[Source "ChessBase"]
[SourceDate "2006.11.23"]
[SourceVersion "1"]
[SourceVersionDate "2006.11.23"]
[SourceQuality "1"]

1. Nf3 Nf6 2. c4 g6 3. d4 Bg7 4. g3 0-0 5. Bg2 d6 6. Nc3 Nbd7 7. 0-0 e5 8. h3 a6 9. Qc2 Rb8 10. Rd1 Re8 11. a4 h6 12. a5 c6 13. dxe5 dxe5 14. Be3 Qe7 15. Nd2 Nc5 16. Na4 Bf5 17. Qc1 Nxa4 18. Rxa4 h5 19. Nb3 Nd7 20. Nd2 Nc5 21. Ra3 Ne6 22. Bb6 Nd4 23. Kf1 Bf8 24. Rc3 c5 25. e3 Nc6 26. Ne4 Bxe4 27. Bxe4 Nxa5 28. Bxa5 b6 29. Rcd3 bxa5 30. Rd7 Qe6 31. Kg2 Qb6 32. Qd2 Qf6 33. Rc7 Rb6 34. Qc3 Bd6 35. Rc6 Rxc6 36. Bxc6 Rb8 37. Rd2 Be7 38. Be4 Rd8 39. Bd5 a4 40. Qa5 Kg7 41. Qxa4 e4 42. Qc2 Qe5 43. Bb7 Rxd2 44. Qxd2 h4 1/2-1/2

[Event "Staufer op 18th"]
[Site "Schwaebisch Gmuend"]
[Date "2006.01.03"]
[Round "3"]
[White "Op den Kelder, Joram"]
[Black "Gheng, Josef"]
[Result "1-0"]
[WhiteElo "2184"]
[BlackElo "2341"]
[PlyCount "89"]
[EventDate "2006.01.02"]
[EventType "swiss"]
[EventRounds "9"]
[EventCountry "GER"]
[SourceTitle "EXT 2007"]
[Source "ChessBase"]
[SourceDate "2006.11.23"]
[SourceVersion "1"]
[SourceVersionDate "2006.11.23"]
[SourceQuality "1"]

1. e4 e5 2. Nf3 d6 3. d4 exd4 4. Nxd4 Nf6 5. Nc3 Be7 6. Be2 0-0 7. 0-0 Re8 8. f4 Bf8 9. Bf3 Nbd7 10. b3 Nc5 11. Re1 a5 12. Bb2 c6 13. h3 Be6 14. Qd2 Qb6 15. Rad1 a4 16. g4 axb3 17. axb3 Bxb3 18. cxb3 Nxb3 19. Qf2 Nxd4 20. Rxd4 d5 21. Na4 Qa7 22. e5 Nd7 23. Ra1 b5 24. Nc3 Qb6 25. Rxa8 Rxa8 26. Nxd5 cxd5 27. Bxd5 Ra7 28. Bxf7+ Kh8 29. Rd5 Nc5 30. Bd4 Rxf7 31. Bxc5 Qc7 32. f5 Be7 33. Bxe7 Rxe7 34. Qc5 h5 35. Qxc7 Rxc7 36. e6 hxg4 37. hxg4 b4 38. Rb5 Kh7 39. Rxb4 Kh6 40. Re4 Rc8 41. e7 Re8 42. Re6+ Kg5 43. Rg6+ Kf4 44. Rxg7 Kf3 45. f6 1-0

[Event "Hengelo U20 op"]
[Site "Hengelo"]
[Date "2005.08.13"]
[Round "9"]
[White "Op den Kelder, Joram"]
[Black "De Wit, Tex"]
[Result "1-0"]
[WhiteElo "2184"]
[BlackElo "2205"]
[PlyCount "61"]
[EventDate "2005.08.??"]
[EventType "swiss"]
[EventRounds "9"]
[EventCountry "NED"]
[SourceTitle "CBM 107 Extra"]
[Source "ChessBase"]
[SourceDate "2005.09.01"]
[SourceVersion "1"]
[SourceVersionDate "2005.09.01"]
[SourceQuality "1"]

1. e4 g6 2. d4 Bg7 3. Nc3 d6 4. Be3 c6 5. h3 Nd7 6. a4 Ngf6 7. a5 0-0 8. Nf3 e5 9. dxe5 dxe5 10. Qd6 Ne8 11. Qd2 Qe7 12. Bc4 Nc5 13. b4 Nd7 14. Rb1 Nc7 15. 0-0 Ne6 16. Rfd1 Nf4 17. Qd6 Bf6 18. Qxe7 Bxe7 19. b5 Kg7 20. bxc6 bxc6 21. Rxd7 Bxd7 22. Nxe5 Nxh3+ 23. gxh3 Bxh3 24. Nxc6 Bd6 25. Bd4+ Kh6 26. e5 Rac8 27. Bd5 Bb8 28. Rxb8 Rxb8 29. Nxb8 Rxb8 30. Bxa7 Rb2 31. Be3+ 1-0

[Event "Hengelo U20 op"]
[Site "Hengelo"]
[Date "2005.08.10"]
[Round "4"]
[White "Van Eijk, Sander"]
[Black "Op den Kelder, Joram"]
[Result "1/2-1/2"]
[WhiteElo "2154"]
[BlackElo "2184"]
[PlyCount "27"]
[EventDate "2005.08.??"]
[EventType "swiss"]
[EventRounds "9"]
[EventCountry "NED"]
[SourceTitle "CBM 107 Extra"]
[Source "ChessBase"]
[SourceDate "2005.09.01"]
[SourceVersion "1"]
[SourceVersionDate "2005.09.01"]
[SourceQuality "1"]

1. e4 e5 2. f4 exf4 3. Bc4 Nf6 4. Nc3 Bb4 5. d3 d5 6. exd5 Nxd5 7. Bxd5 Qxd5 8. Qf3 Be6 9. Bxf4 Nc6 10. Qxd5 Bxd5 11. Kf2 0-0-0 12. Nxd5 Rxd5 13. Nf3 Bc5+ 14. Be3 1/2-1/2

[Event "Hengelo U20 op"]
[Site "Hengelo"]
[Date "2005.08.08"]
[Round "1"]
[White "Op den Kelder, Joram"]
[Black "Soerdjan, Kiran"]
[Result "1-0"]
[WhiteElo "2184"]
[BlackElo "1804"]
[PlyCount "65"]
[EventDate "2005.08.??"]
[EventType "swiss"]
[EventRounds "9"]
[EventCountry "NED"]
[SourceTitle "CBM 107 Extra"]
[Source "ChessBase"]
[SourceDate "2005.09.01"]
[SourceVersion "1"]
[SourceVersionDate "2005.09.01"]
[SourceQuality "1"]

1. e4 c5 2. Nf3 d6 3. d4 cxd4 4. Nxd4 Nf6 5. Nc3 g6 6. Be3 Bg7 7. f3 0-0 8. Qd2 Nc6 9. Bc4 Bd7 10. 0-0-0 a6 11. h4 Qc7 12. Bb3 Ne5 13. h5 Nc4 14. Bxc4 Qxc4 15. hxg6 fxg6 16. Bh6 Rf7 17. Bxg7 Rxg7 18. Nde2 Be6 19. Nf4 Bf7 20. Rhe1 b5 21. e5 b4 22. Ncd5 Nxd5 23. Nxd5 Qxa2 24. Nxe7+ Kh8 25. Qxb4 dxe5 26. Rd6 Bb3 27. Nc6 Bd5 28. Nxe5 Rc8 29. Qd4 Bb3 30. Nxg6+ hxg6 31. Rd8+ Rxd8 32. Qxd8+ Bg8 33. Rh1+ 1-0